<?xml version="1.0" encoding="UTF-8"?>
<record
    xmlns:xsi="http://www.w3.org/2001/XMLSchema-instance"
    xsi:schemaLocation="http://www.loc.gov/MARC21/slim http://www.loc.gov/standards/marcxml/schema/MARC21slim.xsd"
    xmlns="http://www.loc.gov/MARC21/slim">

  <leader>00742nam a2200229Ia 4500</leader>
  <controlfield tag="005">20220708133910.0</controlfield>
  <controlfield tag="008">210716s1999    xx            000 0 und d</controlfield>
  <datafield tag="020" ind1=" " ind2=" ">
    <subfield code="a">0256197563</subfield>
  </datafield>
  <datafield tag="040" ind1=" " ind2=" ">
    <subfield code="c">AIMIT LIBRARY</subfield>
  </datafield>
  <datafield tag="041" ind1=" " ind2=" ">
    <subfield code="a">eng</subfield>
  </datafield>
  <datafield tag="082" ind1=" " ind2=" ">
    <subfield code="a">338.04 </subfield>
    <subfield code="2">5</subfield>
    <subfield code="b">TIMJ</subfield>
  </datafield>
  <datafield tag="100" ind1=" " ind2=" ">
    <subfield code="a">Timmons, Jeffrey A.</subfield>
    <subfield code="9">47731</subfield>
  </datafield>
  <datafield tag="245" ind1=" " ind2=" ">
    <subfield code="a">New venture creation : </subfield>
    <subfield code="b">Entrepreneurship for the 21st century /</subfield>
    <subfield code="c">By Jeffry A. Timmons</subfield>
  </datafield>
  <datafield tag="250" ind1=" " ind2=" ">
    <subfield code="a">5th ed.</subfield>
  </datafield>
  <datafield tag="260" ind1=" " ind2=" ">
    <subfield code="a">New Delhi</subfield>
    <subfield code="b">Irwin McGraw Hill</subfield>
    <subfield code="c">1999</subfield>
  </datafield>
  <datafield tag="300" ind1=" " ind2=" ">
    <subfield code="a">xxii, 612p. ;</subfield>
    <subfield code="b">PB :</subfield>
    <subfield code="c">27.5 cm.</subfield>
  </datafield>
  <datafield tag="650" ind1=" " ind2=" ">
    <subfield code="a">Entrepreneurship</subfield>
    <subfield code="9">47732</subfield>
  </datafield>
  <datafield tag="650" ind1=" " ind2=" ">
    <subfield code="a">Financing Entrepreneurial Ventures</subfield>
    <subfield code="9">47733</subfield>
  </datafield>
  <datafield tag="650" ind1=" " ind2=" ">
    <subfield code="a">Startup and After</subfield>
    <subfield code="9">47734</subfield>
  </datafield>
  <datafield tag="650" ind1=" " ind2=" ">
    <subfield code="a">Resource Requirements</subfield>
    <subfield code="9">47735</subfield>
  </datafield>
  <datafield tag="942" ind1=" " ind2=" ">
    <subfield code="2">ddc</subfield>
    <subfield code="c">BK</subfield>
    <subfield code="e">5th</subfield>
    <subfield code="k">338.04 TIMJ</subfield>
  </datafield>
  <datafield tag="999" ind1=" " ind2=" ">
    <subfield code="c">198313</subfield>
    <subfield code="d">198313</subfield>
  </datafield>
  <datafield tag="952" ind1=" " ind2=" ">
    <subfield code="0">0</subfield>
    <subfield code="1">0</subfield>
    <subfield code="2">ddc</subfield>
    <subfield code="4">0</subfield>
    <subfield code="7">0</subfield>
    <subfield code="8">MBA</subfield>
    <subfield code="a">AIMIT</subfield>
    <subfield code="b">AIMIT</subfield>
    <subfield code="d">2004-11-18</subfield>
    <subfield code="i">Bill no:; Bill dt:1900-01-00</subfield>
    <subfield code="l">0</subfield>
    <subfield code="o">338.04 TIMJ</subfield>
    <subfield code="p">MBA00878</subfield>
    <subfield code="r">2026-05-23 00:00:00</subfield>
    <subfield code="w">2021-07-16</subfield>
    <subfield code="y">BK</subfield>
  </datafield>
  <datafield tag="952" ind1=" " ind2=" ">
    <subfield code="0">0</subfield>
    <subfield code="1">0</subfield>
    <subfield code="2">ddc</subfield>
    <subfield code="4">0</subfield>
    <subfield code="7">0</subfield>
    <subfield code="8">MBA</subfield>
    <subfield code="a">AIMIT</subfield>
    <subfield code="b">AIMIT</subfield>
    <subfield code="d">2006-02-18</subfield>
    <subfield code="i">Bill no:; Bill dt:1900-01-00</subfield>
    <subfield code="l">0</subfield>
    <subfield code="o">338.04 TIMJ</subfield>
    <subfield code="p">MBA03187</subfield>
    <subfield code="r">2026-05-23 00:00:00</subfield>
    <subfield code="w">2021-07-16</subfield>
    <subfield code="y">BK</subfield>
  </datafield>
  <datafield tag="952" ind1=" " ind2=" ">
    <subfield code="0">0</subfield>
    <subfield code="1">0</subfield>
    <subfield code="2">ddc</subfield>
    <subfield code="4">0</subfield>
    <subfield code="7">0</subfield>
    <subfield code="8">MBA</subfield>
    <subfield code="a">AIMIT</subfield>
    <subfield code="b">AIMIT</subfield>
    <subfield code="d">2011-02-14</subfield>
    <subfield code="i">Bill no:; Bill dt:1900-01-00</subfield>
    <subfield code="l">0</subfield>
    <subfield code="o">338.04 TIMJ</subfield>
    <subfield code="p">MBA08916</subfield>
    <subfield code="r">2026-05-23 00:00:00</subfield>
    <subfield code="w">2021-07-16</subfield>
    <subfield code="y">BK</subfield>
  </datafield>
</record>
